| 000 | 01457naa a22003617a 4500 | ||
|---|---|---|---|
| 001 | BR7703480 | ||
| 003 | BR-BrBNA | ||
| 005 | 20240918174014.0 | ||
| 007 | ta | ||
| 008 | 230509b bl.||||| |||| 00| 0 por d | ||
| 040 |
_aBR-BrBNA _bpor _cBiblioteca Nacional de Agricultura |
||
| 041 | _a(Pt) | ||
| 072 |
_aQ20 _b8100 _b3730 _b3910 _b3715 |
||
| 090 | _aQ20 BR7703480 | ||
| 100 | 1 | _aContreras, E.S. | |
| 100 | 1 | _aMaracenbaum, E.D. | |
| 100 | 1 | _aPark, Y. | |
| 111 | 1 |
_aReuniao Regional Sul da Sociedade Brasileira para o Progresso da Ciencia _cFlorianopolis, SC (Brazil) _d9 May 1977 |
|
| 245 | 1 | _aEmprego dos soluveis de pescado como meio de cultura para a producao de penicilina amidase e amiloglicosidase microbiana [Nutriente organico; Peixe; Amido; Antibiotico; Proteina; Enzima] | |
| 260 | 3 |
_aFlorianopolis, SC (Brasil): _c1977. |
|
| 500 | _aReuniao Regional Sul da Sociedade Brasileira para o Progresso da Ciencia. Resumos Florianopolis, SC (Brasil): 1977. p. 102 (BR7703480-AM)Q20 | ||
| 650 | _aMicrobiologia de alimento | ||
| 650 | _aPeixe | ||
| 650 | _aPenicilina | ||
| 650 | _aAmilo-glucosidase | ||
| 650 | _aProteina | ||
| 650 | _aMicrorganismo | ||
| 650 | _aNutriente organico | ||
| 650 | _aFermentacao | ||
| 773 | 0 |
_tReuniao Regional Sul da Sociedade Brasileira para o Progresso da Ciencia. Resumos _wQ20 BR7703480 _gFlorianopolis, SC (Brasil), 1977. p. 102 |
|
| 909 |
_a202404 _bLucia _c55 _dLucia Elande |
||
| 942 |
_cAM _2AGRIS |
||
| 999 |
_c308278 _d308278 |
||